MARC

LEADER 00000nam0a2200000 4500
001 136544
005 20231101220627.0
035 |a (RuTPU)RU\TPU\book\147986 
090 |a 136544 
100 |a 20080424d1925 km y0rusy50 ca 
101 0 |a rus 
102 |a RU 
105 |a abf z 001zy 
200 1 |a Петрография  |h Ч. 1  |i (Вводная)  |f Ф. Ю. Левинсон-Лессинг 
210 |a Ленинград  |c Научное химико-техническое изд-во научно-технический отдел В.С.Н.Х.  |d 1925 
215 |a 393 с., [1] вкл. л.  |c ил.  |d 24 см. 
320 |a Литература: с. 375-376 
320 |a Приложения: I. Техническая оценка естественных строительных камней: с. 366-370 
320 |a Приложения: II. Диаграмма В. Н. Лодочникова: с. 371-374 
320 |a Предметный указатель: с. 377-392. 
610 1 |a петрография 
610 1 |a горные породы 
610 1 |a изверженные породы 
610 1 |a осадочные породы 
610 1 |a метаморфические породы 
610 1 |a Россия 
610 1 |a учебные пособия 
610 1 |a коллекция русских учебников 
675 |a 552(075.8)  |v 3 
700 1 |a Левинсон-Лессинг  |b Ф. Ю.  |c геолог и петрограф  |c академик АН СССР (с 1925)  |c директор Почвенного института АН СССР (1926-1929)  |c директор Петрографического института АН СССР (1930-1937)  |f 1861-1939  |g Франц Юльевич  |2 stltpush  |3 (RuTPU)RU\TPU\pers\21902  |9 9239 
801 1 |a RU  |b 63413507  |c 20080424  |g PSBO 
801 2 |a RU  |b 63413507  |c 20150609  |g PSBO 
942 |c BK